<?xml version="1.0" encoding="UTF-8"?>
<marc:record xmlns:marc="http://www.loc.gov/MARC21/slim">
   <marc:leader>00000nam a2200000 a 4500</marc:leader>
   <marc:datafield ind1="1" ind2=" " tag="100">
      <marc:subfield code="a">Osang, Alexander</marc:subfield>
      <marc:subfield code="4">aut</marc:subfield>
      <marc:subfield code="e">Verfasser/-in</marc:subfield>
   </marc:datafield>
   <marc:datafield ind1="0" ind2="0" tag="245">
      <marc:subfield code="a">Die Leben der Elena Silber</marc:subfield>
   </marc:datafield>
   <marc:datafield ind1="0" ind2="0" tag="245">
      <marc:subfield code="b">Roman</marc:subfield>
   </marc:datafield>
   <marc:datafield ind1="0" ind2="0" tag="245">
      <marc:subfield code="c">Osang, Alexander</marc:subfield>
   </marc:datafield>
   <marc:datafield ind1=" " ind2="1" tag="264">
      <marc:subfield code="a">Frankfurt am Main</marc:subfield>
      <marc:subfield code="b">S. FISCHER</marc:subfield>
      <marc:subfield code="c">2019</marc:subfield>
   </marc:datafield>
   <marc:datafield ind1="1" ind2=" " tag="520">
      <marc:subfield code="a">Angaben aus der Verlagsmeldung&#xD;
&#xD;
Die Leben der Elena Silber : Roman Osang, Die Leben der Elena Silber / von Alexander Osang&#xD;
&#xD;
Alexander Osang schreibt den großen Roman seiner Familie  es ist der Roman des 20. Jahrhunderts. Russland, Anfang des 20. Jahrhundert. In einer kleinen Provinzstadt östlich von Moskau wird der Revolutionär Viktor hingerichtet. Wie eine gewaltige Welle erfasst die Zeit in diesem Moment Viktors Tochter Lena. Sie heiratet den deutschen Textilingenieur Robert Silber, folgt diesem 1936 nach Berlin und Schlesien, wo sie den Zweiten Weltkrieg überleben. Aber dann verschwindet Robert in den Wirren der Nachkriegszeit, und Lena muss vier Töchter alleine durchbringen. Sie sollen den Weg weitergehen, den Lena begonnen hat zu gehen  hinaus aus einem zu engen Leben, weg vom Unglück. Aber stimmt diese Geschichte, wie Lena sie ihrer Familie erzählt hat? 2017, mehr als zwanzig Jahre nach Lenas Tod, macht sich ihr Enkel, der Filmemacher Konstantin Stein, auf den Weg nach Russland. Er will die Geschichte des Jahrhunderts und seiner Familie verstehen, um sich selbst zu verstehen.</marc:subfield>
   </marc:datafield>
   <marc:datafield ind1=" " ind2=" " tag="020">
      <marc:subfield code="a">9783103974232</marc:subfield>
      <marc:subfield code="9">9783103974232</marc:subfield>
   </marc:datafield>
   <marc:datafield ind1=" " ind2=" " tag="020">
      <marc:subfield code="a">310397423X</marc:subfield>
      <marc:subfield code="9">310397423X</marc:subfield>
   </marc:datafield>
   <marc:datafield ind1=" " ind2=" " tag="041">
      <marc:subfield code="a">ger</marc:subfield>
   </marc:datafield>
   <marc:datafield ind1=" " ind2=" " tag="338">
      <marc:subfield code="a">Band</marc:subfield>
   </marc:datafield>
   <marc:datafield ind1=" " ind2=" " tag="300">
      <marc:subfield code="a">619 Seiten</marc:subfield>
   </marc:datafield>
</marc:record>
